000
00236nam a2200097Ia 4500
001
1037983
005
20250826231834.0
008
250824s9999 xx 000 0 und d
245
0
_a
KENDİNİ BULMAK
_c
İHSAN FAZLIOĞLU
260
_b
KETEBE
999
_c
1037983
_d
1037983